00454 2200169 4500001002100000005001500021035002000036245005900056100002700115300002600142260003700168082001100205084001700216600001700233990001700250990001700267INLIS00000000000084420250424074245 a0010-04250000231 aKisah Teladan 25 Nabi & Rasul /cFatihuddin Abul Yasin0 aYasin, Fatihuddin Abul a160 hlm ;c14 X 21 cm aSurabaya :bTerbit Terang,c1997 a297246 a297246 YAS k 4aNabi & Rasul a3199/PP/2024 a3278/PP/2025